01069cam a2200265u 4500999001500000001000600015003000900021005001700030008004100047020001500088040003300103082001900136100001900155245003100174250001200205260004300217300002800260500002000288650001500308942001200323952011700335952011700452952011700569952011700686 c1153d115317206BD-DhUAP20200203121902.0200203m20112010bg 001 0 eng d a9848372007 aDLCcBD-DhUAPdBD-DhUAPbEng 223a349.37 KAB1 aKabir, Lutful.10aRoman law /cLutful Kabir. a6th ed. aDhaka :bAin Prokashan,cc2010 [2011]. axv, 246 pages ;c22 cm. aIncludes index. 0aRoman law. 2ddccBK 00102ddc4070aUAPCLbUAPCLcGeneral Stacksd2020-02-03o349.37 KABp3010017206r2020-02-03t1w2020-02-03yBK 00102ddc4070aUAPCLbUAPCLcGeneral Stacksd2020-02-03o349.37 KABp3010017209r2020-02-03t2w2020-02-03yBK 00102ddc4070aUAPCLbUAPCLcGeneral Stacksd2020-02-03o349.37 KABp3010017208r2020-02-03t3w2020-02-03yBK 00102ddc4070aUAPCLbUAPCLcGeneral Stacksd2020-02-03o349.37 KABp3010017205r2020-02-03t4w2020-02-03yBK